A ptolemaic coin hoard : paphos

Αποθηκεύτηκε σε:
Λεπτομέρειες βιβλιογραφικής εγγραφής
Κύριος συγγραφέας: Μιχαηλίδου-Νικολάου, Ηνώ
Άλλοι συγγραφείς: Morkholm, Otto
Μορφή: Βιβλίο
Γλώσσα:English
Δημοσίευση: Cyprus : Republic of Cyprus, 1976
Θέματα:
Ετικέτες: Προσθήκη ετικέτας
Δεν υπάρχουν, Καταχωρήστε ετικέτα πρώτοι!

MARC

LEADER 00000nam a2200000 i 4500
001 1/42563
008 961031s1976 eng d
035 |l 10025613 
040 |a GR-MY-UA  |b gre  |e aacr 
041 0 |a eng 
082 0 |a 737.4938 
100 1 |a Μιχαηλίδου-Νικολάου, Ηνώ. 
245 1 2 |a A ptolemaic coin hoard :  |b paphos /  |c Ino Nicolaou, Otto Morkholm ; Edit: Kyriakos Nocolaou 
260 |a Cyprus :   |b Republic of Cyprus,   |c 1976 
300 |a 115 p. 
500 |a Includes index and plates 
650 0 0 |a Coins, Ancient  |z Egypt. 
700 1 |a Morkholm, Otto. 
852 |a INST  |b CHIOS  |e 19961031  |h 737.4938 NIC  |p 005200011133  |q 005200011133  |t BK  |y 0 
909 |a Χ  |b 047724